Loading...
| Mythology | 0 | 2 | 0 | 0 | 20 | 35 | 58.00 | 0 | 1 | 7.84 | 10.26 |
| Fine Arts - Classical Music | 0 | 2 | 0 | 0 | 20 | 67 | 95.00 | 0 | 1 | 4.26 | 9.78 |
| Science - Chemistry | 0 | 2 | 0 | 0 | 20 | 96 | 103.00 | 0 | 0 | 2.11 | 9.29 |
| Science - Biology | 0 | 2 | 1 | 0 | 15 | 41 | 51.50 | 1 | 2 | 8.97 | 14.10 |
| Literature - European | 0 | 1 | 0 | 0 | 10 | 41 | 41.00 | 1 | 1 | 5.88 | 8.33 |
| Literature - World | 0 | 1 | 0 | 0 | 10 | 95 | 95.00 | 0 | 0 | 2.47 | 4.49 |
| Social Science | 0 | 1 | 0 | 0 | 10 | 114 | 114.00 | 0 | 0 | 0.21 | 2.08 |
| Fine Arts - Painting and Sculpture | 0 | 1 | 0 | 1 | 10 | 125 | 125.00 | 0 | 1 | 0.00 | 4.17 |
| History - European | 0 | 1 | 0 | 0 | 10 | 59 | 59.00 | 0 | 1 | 4.64 | 7.69 |
| Literature - American | 0 | 1 | 0 | 0 | 10 | 55 | 55.00 | 0 | 1 | 5.26 | 7.69 |
| Religion | 0 | 1 | 1 | 0 | 5 | 101 | 101.00 | 0 | 1 | 1.26 | 5.56 |